| 000 | 00380nam a2200157Ia 4500 | ||
|---|---|---|---|
| 008 | 221030s9999 xx 000 0 und d | ||
| 020 | _a8170290198 | ||
| 041 | _aEnglish | ||
| 082 |
_a105.23 _bBea |
||
| 100 | _aJ. E. Beam | ||
| 245 | 0 |
_aIllustrated C Programming (ANSI) _cby J. E. Beam |
|
| 260 |
_bBPB Pub _aDelhi _c1989 |
||
| 300 | _a430 | ||
| 650 | _aBE Computer | ||
| 942 | _cBK | ||
| 999 |
_c2262 _d2262 |
||